000 00226nam a22000857a 4500
008 160916b xxu||||| |||| 00| 0 eng d
100 _9568
_aPerera.S
245 _aEnvironment Studies-1
260 _aNew Delhi
_bFrank publications
_c2012
999 _c3224
_d3224